Integrated Inventory Management, (Record no. 5830)

MARC details
005 - DATE AND TIME OF LATEST TRANSACTION
control field 20250628070254.0
020 ## - INTERNATIONAL STANDARD BOOK NUMBER
International Standard Book Number 0-471-32513-9
082 ## - DEWEY DECIMAL CLASSIFICATION NUMBER
Classification number 658.7'87 BER.
100 ## - MAIN ENTRY--PERSONAL NAME
Author name BERNAD, P.
245 ## - TITLE STATEMENT
Title Integrated Inventory Management,
250 ## - EDITION STATEMENT
Edition statement 4th Ed.
260 ## - PUBLICATION, DISTRIBUTION, ETC.
Place of publication, distribution, etc. New York,
Name of publisher, distributor, etc. John Wiley & Sons, INC.
Date of publication, distribution, etc. 1999.
300 ## - PHYSICAL DESCRIPTION
Extent xiv.; 491p.; Ill.; picture,
Other physical details Index,
Dimensions 24cm.
942 ## - ADDED ENTRY ELEMENTS (KOHA)
Source of classification or shelving scheme Dewey Decimal Classification
Koha item type Books
Holdings
Date last seen Total checkouts Full call number Barcode Cost, replacement price Price effective from Koha item type Lost status Source of classification or shelving scheme Damaged status Not for loan Withdrawn status Home library Current library Shelving location Date acquired Cost, normal purchase price
06/28/2025   658.7'87BER DOM0001108 225000.00 06/28/2025 Books   Dewey Decimal Classification       CBE Dodoma CBE Dodoma General Collection 06/28/2005 75000.00
06/29/2025   658.787 BER DOM0004480 88500.00 06/29/2025 Books   Dewey Decimal Classification       CBE Dodoma CBE Dodoma General Collection 06/29/2011 29500.00